Convocatoria Alemania Eurocopa 2024 - Estadísticas

Estadísticas generales
  • Esta prueba ha sido intentada 49 veces
  • La puntuación promedio es 19 de 26
Estadísticas de respuestas
Imagen Respuesta % Correcto
Manuel Neuer
100%
Antonio Rüdiger
98%
Jamal Musiala
98%
Marc-André Ter Stegen
98%
Thomas Müller
98%
Toni Kroos
98%
Florian Wirtz
95%
İlkay Gündoğan
95%
Leroy Sané
95%
Joshua Kimmich
93%
Kai Havertz
93%
Emre Can
90%
Jonathan Tah
90%
Niclas Füllkrug
88%
Robert Andrich
79%
David Raum
69%
Nico Schlotterbeck
69%
Deniz Undav
50%
Oliver Baumann
50%
Maximilian Mittelstädt
43%
Benjamin Henrichs
36%
Robin Koch
33%
Pascal Groß
31%
Maximilian Beier
26%
Waldemar Anton
26%
Chris Führich
12%
No se encontraron pruebas coincidentes
Distribución de puntuación
Porcentaje de gente con cada puntuación
Porcentaje por número respondido
Historial de tus puntuaciones
No has intentado esta prueba.